Managing health and safety in construction. Construction (Design and Management) Regulations 1994 : Approved Code of Practice and Guidance. (Record no. 101822)

MARC details
000 -LEADER
fixed length control field 01410cam a2200277 4500
008 - FIXED-LENGTH DATA ELEMENTS--GENERAL INFORMATION
fixed length control field 011219n2001 000 0 eng u
020 ## - INTERNATIONAL STANDARD BOOK NUMBER
International Standard Book Number 0717621391
035 ## - SYSTEM CONTROL NUMBER
System control number (Sirsi) u116068
041 ## - LANGUAGE CODE
Language code of text/sound track or separate title eng
050 ## - LIBRARY OF CONGRESS CALL NUMBER
Classification number 344.410465
110 ## - MAIN ENTRY--CORPORATE NAME
Corporate name or jurisdiction name as entry element Great Britain
Subordinate unit Health and Safety Executive
245 ## - TITLE STATEMENT
Title Managing health and safety in construction. Construction (Design and Management) Regulations 1994 : Approved Code of Practice and Guidance.
260 ## - PUBLICATION, DISTRIBUTION, ETC.
Place of publication, distribution, etc. Sudbury
Name of publisher, distributor, etc. HSE Books
Date of publication, distribution, etc. 2001.
300 ## - PHYSICAL DESCRIPTION
Extent vi,100p. ; 30cm
350 ## - PRICE (NR) (BK AM CF MU VM SE) [OBSOLETE]
Price £9.50
490 ## - SERIES STATEMENT
Series statement HSE Health and Safety Guidance
Volume/sequential designation 224
520 ## - SUMMARY, ETC.
Summary, etc. This document contains advice on how to comply with duties under the Construction (Design and Management) Regulations 1994 and, where indicated, on sections 2, 3 and 4 of the Health and Safety at Work etc. Act 1974 for work to which those Regulations apply. It contains an Approved Code of Practice (ACoP) and more general guidance, explaining the law and suggesting ways to comply with it. This Code of Practice comes into effect on 1 February 2002.
520 ## - SUMMARY, ETC.
Summary, etc. Superseded by 2007 edition (L137108).
650 ## - SUBJECT ADDED ENTRY--TOPICAL TERM
Topical term or geographic name entry element CONSTRUCTION (DESIGN AND MANAGEMENT) REGULATIONS 1994
650 ## - SUBJECT ADDED ENTRY--TOPICAL TERM
Topical term or geographic name entry element CONSTRUCTION (DESIGN AND MANAGEMENT) REGULATIONS 1994
650 ## - SUBJECT ADDED ENTRY--TOPICAL TERM
Topical term or geographic name entry element HEALTH AND SAFETY FILE
650 ## - SUBJECT ADDED ENTRY--TOPICAL TERM
Topical term or geographic name entry element HEALTH AND SAFETY PLAN
650 ## - SUBJECT ADDED ENTRY--TOPICAL TERM
Topical term or geographic name entry element LAW
690 ## - LOCAL SUBJECT ADDED ENTRY--TOPICAL TERM (OCLC, RLIN)
Topical term or geographic name as entry element BUILT ENVIRONMENT-BUILDING STANDARDS
942 ## - ADDED ENTRY ELEMENTS (KOHA)
Suppress in OPAC 0
Holdings
Withdrawn status Lost status Source of classification or shelving scheme Damaged status Not for loan Home library Current library Shelving location Date acquired Total Checkouts Full call number Barcode Date last seen Copy number Price effective from Koha item type
    Dewey Decimal Classification     London London Basement 11/09/2006   SHELF 328 30073258 06/08/2019 2 06/08/2019 Book